Нарис історії Холмщини і Підляшшя: новіші часи. Волиніяна XVII (Запис № 307086)

МАРК-запис
000 -Лідер
fixed length control field 00671nam a22002417a 4500
001 - Контрольний номер
control field 20898
003 - Ідентифікатор контрольного номера
control field UA-OsUOA
005 - Дата та час останнього входження (трансакції)
control field 20200513180045.0
007 - Фіксоване поле фізичного опису
fixed length control field ta
008 - Елементи даних фіксованої довжини – загальна інформація
fixed length control field 20031107b un ||||| |||| 00| 0 ukr d
040 ## - Джерело каталогізації
Агенція оригінальної каталогізації UA-OsUOA
Мова каталогізації ukr
Агенція, яка здійснювала перезапис UA-OsUOA
Агенція, яка здійснювала модифікацію UA-OsUOA
041 ## - Код мови
Код мови тексту/ звукової доріжки чи окремого заголовка (П) ukr
044 ## - Код країни видавця/ виробника
Код країни видавця/ виробника (П) UA
080 ## - Індекс Універсальної десяткової класифікації
Індекс Універсальної десяткової класифікації (УДК) (НП) 94 (477).051.4
090 ## - Локальний шифр розміщення
Класифікаційний індекс УДК 94 (477).051.4
Авторський знак (НП) П19
100 ## - Основне введення – ім’я особи
Ім’я особи (НП) Пастернак Є.
245 ## - Відомості про назву
Назва (НП) Нарис історії Холмщини і Підляшшя: новіші часи. Волиніяна XVII
Номер частини/ розділу роботи (П) вид. 2
260 ## - Публікація, розповсюдження і т.п. (Вихідні дані)
Місце публікації, розповсюдження і т.п. (П) Вінніпег
Дата публікації, розповсюдження і т.п. (П) 1989
300 ## - Фізичний опис
Обсяг 466 с.
Інші фізичні характеристики (НП) Ілюстрації
650 #7 - Додаткове предметне введення – тематичний термін
Джерело заголовка чи терміна UDC
942 ## - Додаткові елементи входу (Коха)
Тип елемента Koha Книги
Source of classification or shelving scheme Universal Decimal Classification
955 ## - Код типу видання за змістом
Код типу видання за змістом (НП) інше
Фонди
Стан вилучень Стан втрат Джерело класифікації або схеми стелажів Стан уражень Не для кредиту Постійне місце розташування Поточне розміщення Дата придбання Інвентарний номер Усього замовленно Повний номер виклику Штрих-код Дата останнього перегляду Ціна ефективна від Тип елемента Koha Код колекції Джерело придбання Вартість, звичайна ціна покупки
Withdrawn   Universal Decimal Classification     АБ - Абонемент НБ АБ - Абонемент НБ 07/11/2003 26723   94 (477).051.4 П19 26723 13/07/2019 07/11/2003 Книги      
    Universal Decimal Classification     ЧЗ - Читальна зала ЧЗ - Читальна зала 27/10/2006 99866   94 (477).051.4 П19 99866 07/02/2022 07/11/2003 Книги Колекція Пасічника І.Д. 110/2006 8.00